书目信息 |
| 题名: |
三围塑体瑜伽
|
|
| 作者: | 王韵 著 | |
| 分册: | ||
| 出版信息: | 北京 北京体育大学出版社 2004 |
|
| 页数: | 96页 | |
| 开本: | 20×18cm | |
| 丛书名: | 瑜伽宝典系列 | |
| 单 册: | ||
| 中图分类: | R214 | |
| 科图分类: | ||
| 主题词: | 瑜伽术 | |
| 电子资源: | ||
| ISBN: | 7-81100-104-7 | |
| 000 | 00734oam2 2200241 450 | |
| 001 | 002684579 | |
| 005 | 20061105100823.31 | |
| 010 | @a7-81100-104-7@dCNY24.00 | |
| 100 | @a20040720d2004 em y0chiy0110 ea | |
| 101 | 0 | @achi |
| 102 | @aCN@b110000 | |
| 105 | @aa z 000yy | |
| 200 | 1 | @a三围塑体瑜伽@9san wei su ti yu jia@f王韵著 |
| 210 | @a北京@c北京体育大学出版社@d2004 | |
| 215 | @a96页@c彩照@d20×18cm | |
| 225 | 2 | @a瑜伽宝典系列 |
| 330 | @a该书的塑体内容分为A、B两部分,即A组练习,“三围”塑体塑型提高课程以及B组练习,“三围”局部强化塑型课程。 | |
| 461 | 0 | @12001 @a瑜伽宝典系列 |
| 606 | 0 | @a瑜伽术 |
| 690 | @aR214@v4 | |
| 701 | 0 | @a王韵@9wang yun@c(瑜伽)@4著 |
| 801 | 0 | @aCN@bNLC@c20061105 |
| 905 | @a10447@dR214@e176 | |
| 三围塑体瑜伽/王韵著.-北京:北京体育大学出版社,2004 |
| 96页:彩照;20×18cm.-(瑜伽宝典系列) |
| ISBN 7-81100-104-7:CNY24.00 |
| 该书的塑体内容分为A、B两部分,即A组练习,“三围”塑体塑型提高课程以及B组练习,“三围”局部强化塑型课程。 |
| ● |
| 相关链接 |
|
|
|
|
正题名:三围塑体瑜伽
索取号:R214/176
 
预约/预借
| 序号 | 登录号 | 条形码 | 馆藏地/架位号 | 状态 | 备注 |
| 1 | 0381269 | 203812696 | 第二样本阅览室/ [索取号:R214/176] | 在馆 | |
| 2 | 0381270 | 203812703 | 第三借阅区/ [索取号:R214/176] | 在馆 | |
| 3 | 0381271 | 203812712 | 第三借阅区/ [索取号:R214/176] | 在馆 | |
| 4 | 0381272 | 203812721 | 第三借阅区/ [索取号:R214/176] | 在馆 | |
| 5 | 0381273 | 203812730 | 第三借阅区/ [索取号:R214/176] | 在馆 | |
| 6 | 0381274 | 203812749 | 第三借阅区/ [索取号:R214/176] | 在馆 |